[Event "Harrogate 4NCL op-C 27th"]
[Site "Harrogate"]
[Date "2022.01.23"]
[Round "4"]
[White "Patterson, Dave"]
[Black "Jinks, Anthony"]
[Result "1-0"]
[WhiteElo "1695"]
[BlackElo "1562"]
[PlyCount "51"]
[EventDate "2022.01.21"]
[EventType "swiss"]
[EventRounds "5"]
[EventCountry "ENG"]
[SourceTitle "CBM 206 Extra"]
[Source "ChessBase"]
[SourceDate "2022.03.31"]
[SourceVersion "1"]
[SourceVersionDate "2022.03.31"]
[SourceQuality "1"]

1. e4 e5 2. Nc3 Nf6 3. f4 d5 4. exd5 Nxd5 5. Qf3 Nxc3 6. dxc3 Bd6 7. Bd3 Nc6 8. Ne2 Qh4+ 9. g3 Bg4 10. Qxc6+ bxc6 11. gxh4 0-0 12. fxe5 Bxe5 13. Be3 Rfe8 14. Bd4 Bxd4 15. cxd4 Re6 16. h3 Bh5 17. Rh2 Rae8 18. 0-0-0 g6 19. Bc4 Re4 20. b3 Rxh4 21. Rf1 g5 22. Rg2 h6 23. Nf4 Re7 24. Nxh5 Rxh5 25. Rgf2 Rxh3 26. Bxf7+ 1-0

[Event "Harrogate 4NCL op-C 27th"]
[Site "Harrogate"]
[Date "2022.01.22"]
[Round "2"]
[White "Oliver, Peter JR"]
[Black "Jinks, Anthony"]
[Result "1/2-1/2"]
[WhiteElo "1659"]
[BlackElo "1562"]
[PlyCount "101"]
[EventDate "2022.01.21"]
[EventType "swiss"]
[EventRounds "5"]
[EventCountry "ENG"]
[SourceTitle "CBM 206 Extra"]
[Source "ChessBase"]
[SourceDate "2022.03.31"]
[SourceVersion "1"]
[SourceVersionDate "2022.03.31"]
[SourceQuality "1"]

1. Nf3 e6 2. d4 f5 3. c4 Nf6 4. Nc3 Be7 5. e3 0-0 6. Bd3 d5 7. 0-0 Nc6 8. a3 Ne4 9. Qc2 Bf6 10. b4 Nxc3 11. Qxc3 Ne7 12. Bb2 c6 13. Qd2 Bd7 14. Rac1 g5 15. h3 Ng6 16. cxd5 cxd5 17. Qe2 a5 18. Bc3 axb4 19. Bxb4 Re8 20. Rc3 e5 21. dxe5 Nxe5 22. Nxe5 Bxe5 23. Rcc1 Be6 24. Bb5 Bd7 25. a4 d4 26. Rcd1 Bxb5 27. Qxb5 Qf6 28. exd4 Bf4 29. Ra1 Rab8 30. Qc4+ Qf7 31. Qxf7+ Kxf7 32. g3 Bc7 33. Rac1 Rbc8 34. d5 Be5 35. d6 Rxc1 36. Rxc1 Ke6 37. Rc7 Bxd6 38. Bxd6 Kxd6 39. Rxb7 Re1+ 40. Kg2 h5 41. Rh7 g4 42. h4 Ra1 43. Rxh5 Ke5 44. Rh8 Rxa4 45. h5 Kf6 46. h6 Ra7 47. h7 Rf7 48. f3 Kg7 49. Rc8 gxf3+ 50. Kxf3 Kxh7 51. Kf4 1/2-1/2